书目信息 |
| 题名: |
科学宇宙自然百科
|
|
| 作者: | 竭宝峰 主编 | |
| 分册: | ||
| 出版信息: | 沈阳 辽海出版社 2011.01 |
|
| 页数: | 196页 | |
| 开本: | 24cm | |
| 丛书名: | ||
| 单 册: | ||
| 中图分类: | G449.4 | |
| 科图分类: | ||
| 主题词: | 教育心理学 | |
| 电子资源: | ||
| ISBN: | 978-7-5451-0643-5 | |
| 000 | 00640nam0 2200217 450 | |
| 001 | 1154566047 | |
| 005 | 20111228152041.59 | |
| 010 | @a978-7-5451-0643-5@dCNY25.90 | |
| 100 | @a20111228d2011 km y0chiy0120 ea | |
| 101 | 0 | @achi |
| 102 | @aCN@b210000 | |
| 105 | @az z 000yy | |
| 200 | 1 | @a科学宇宙自然百科@Ake xue yu zhou zi ran bai ke@f竭宝峰主编@Fjie bao feng zhu bian |
| 205 | @a第2版 | |
| 210 | @a沈阳@c辽海出版社@d2011.01 | |
| 215 | @a196页@d24cm | |
| 606 | 0 | @a教育心理学 |
| 690 | @aG449.4@v4 | |
| 701 | 0 | @a竭宝峰@Ajie bao feng@4主编 |
| 801 | 0 | @aCN@b大连网信软件有限公司图书馆·11@c20111228 |
| 905 | @aZUCC@dG449.4@eJ716=2@f3 | |
| 科学宇宙自然百科/竭宝峰主编.-第2版.-沈阳:辽海出版社,2011.01 |
| 196页;24cm |
| ISBN 978-7-5451-0643-5:CNY25.90 |
| ● |
| 相关链接 |
|
|
|
正题名:科学宇宙自然百科
索取号:G449.4/J716=2
 
预约/预借
| 序号 | 登录号 | 条形码 | 馆藏地/架位号 | 状态 | 备注 |
| 1 | 1185132 | 211851325 | 社科库409/409社科库 3排4列5层/ [索取号:G449.4/J716=2] | 在馆 | |
| 2 | 1185133 | 211851334 | 社科库409/409社科库 3排4列5层/ [索取号:G449.4/J716=2] | 在馆 | |
| 3 | 1185134 | 211851343 | 社科库409/409社科库 3排4列5层/ [索取号:G449.4/J716=2] | 在馆 |